000 00322nam a22001337a 4500
008 160520b xxu||||| |||| 00| 0 eng d
020 _a9780674027138
020 _a9780674027138
020 _a0674027132
041 _aeng
080 _a579
245 _aA Guinea pigs history of biology;
_cJim Endersby;
942 _2udc
_cBK
999 _c2313
_d2313